Senza leader : da internet ad Al Qaeda: il potere segreto delle organizzazioni a rete /

Uloženo v:
Podrobná bibliografie
Hlavní autoři: Brafman, Ori (Autor), Beckstrom, Rod A. (Autor)
Médium: Kniha
Jazyk:italština
Vydáno: Milano : ETAS, 2007
Edice:Organizzazione & risorse umane
Tagy: Přidat tag
Žádné tagy, Buďte první, kdo vytvoří štítek k tomuto záznamu!

MARC

LEADER 00000nam a22000007i 4500
001 IT\ICCU\UBO\3245379
003 ItRI
005 20250102164023.0
008 070730s2007 it |||||| ||||| |||||c
020 |a 9788845313738 
040 |b ita  |c Arcigay Rimini 
041 7 |a ita  |2 ISO-639-2 
100 1 |a Brafman, Ori  |0 IT\ICCU\UBOV\173755  |4 aut 
245 1 0 |a Senza leader :  |b da internet ad Al Qaeda: il potere segreto delle organizzazioni a rete /  |c Ori Brafman, Rod A. Beckstrom ; prefazione di Domenico De Masi. 
260 |a Milano :  |b ETAS,  |c 2007 
300 |a XXVI, 196 p. ;  |c 22 cm. 
700 1 |a Beckstrom, Rod A.  |0 IT\ICCU\UBOV\173756  |4 aut 
830 0 |a Organizzazione & risorse umane  |0 IT\ICCU\UBO\1764191 
942 |2 ddc  |c BK 
952 |0 0  |1 0  |2 ddc  |4 0  |6 302_300000000000000_BRA_SEN  |7 1  |9 2734  |a RN  |b RN  |d 2025-01-02  |l 0  |o 302.3 BRA SEN  |p 10143  |r 2025-01-02 16:40:55  |w 2025-01-02  |y BK 
981 1 |6 z01  |a i   |b xxxe  
982 1 |6 z01  |a n 
999 |c 2362  |d 2362